00640nam a2200217Ia 4500008004100000020001800041040001900059041001200078082002500090100002300115245004500138260002900183300001800212504001900230650001200249651002000261850001800281942000700299999001700306952009900323131103s9999 xx 000 0 und d a81-219-0299-1 aLoreto College aEnglish a954/CHObLCBED/10027 aChoudhuri, Sourini aHow india won freedomcSourini Choudhuri aNew DelhibS.Chandc1987 a148p c 21cm. aIncludes index aHistory aIndia - history aLCBED/954/CHO cBK c28923d79402 00104070aMAINbMAINd2013-11-04l0o954/CHO LCBED/10027pB31770r2013-11-04w2013-11-04yBK